000
00234nam a2200109Ia 4500
008
240625s9999 xx 000 0 und d
041
_a
eng
100
_a
THE ECONOMIC TIMES
245
_a
IT FOR MANAGER
260
_c
2005
365
_c
RS
999
_c
33646
_d
33646